<?xml version="1.0" encoding="UTF-8"?><?xml-stylesheet type="text/xsl" href="static/style.xsl"?><OAI-PMH xmlns="http://www.openarchives.org/OAI/2.0/" xmlns:xsi="http://www.w3.org/2001/XMLSchema-instance" xsi:schemaLocation="http://www.openarchives.org/OAI/2.0/ http://www.openarchives.org/OAI/2.0/OAI-PMH.xsd"><responseDate>2026-04-13T15:11:14Z</responseDate><request verb="GetRecord" identifier="oai:www.recercat.cat:10256/18912" metadataPrefix="marc">https://recercat.cat/oai/request</request><GetRecord><record><header><identifier>oai:recercat.cat:10256/18912</identifier><datestamp>2024-05-22T11:26:21Z</datestamp><setSpec>com_2072_452966</setSpec><setSpec>com_2072_2054</setSpec><setSpec>col_2072_452968</setSpec></header><metadata><record xmlns="http://www.loc.gov/MARC21/slim" xmlns:dcterms="http://purl.org/dc/terms/" xmlns:xsi="http://www.w3.org/2001/XMLSchema-instance" xmlns:doc="http://www.lyncode.com/xoai" xsi:schemaLocation="http://www.loc.gov/MARC21/slim http://www.loc.gov/standards/marcxml/schema/MARC21slim.xsd">
   <leader>00925njm 22002777a 4500</leader>
   <datafield ind2=" " ind1=" " tag="042">
      <subfield code="a">dc</subfield>
   </datafield>
   <datafield ind2=" " ind1=" " tag="720">
      <subfield code="a">Quintana Vernis, Núria</subfield>
      <subfield code="e">author</subfield>
   </datafield>
   <datafield ind2=" " ind1=" " tag="260">
      <subfield code="c">2020-06</subfield>
   </datafield>
   <datafield ind2=" " ind1=" " tag="520">
      <subfield code="a">El present projecte consisteix en el disseny d’un programa de prevenció de&#xd;
recaigudes. Aquest està basat en la teoria cognitiva-conductual de Marlatt, la qual&#xd;
es proposa com una alternativa eficaç d’intervenció en la fase de manteniment de&#xd;
l’abstinència d’un ex-addicte.&#xd;
Es tracta d’una intervenció en el medi penitenciari des de la vessant psicològica&#xd;
per treballar la preparació de la vida en llibertat dels interns en la matèria de les&#xd;
drogodependències. El seu objectiu principal consisteix en augmentar el sentiment&#xd;
d’autoeficàcia dels interns i reduir l’ansietat i la percepció d’indefensió a l’hora&#xd;
d’enfrontar-se als primers permisos i a la posterior semi-llibertat. Es tracta de&#xd;
proporcionar-los les habilitats i estratègies necessàries per fer front a situacions&#xd;
d’alt risc, fomentant així la seva reinserció i reeducació al mateix temps que&#xd;
reduint la prevalença de recaigudes.</subfield>
   </datafield>
   <datafield ind1="8" ind2=" " tag="024">
      <subfield code="a">http://hdl.handle.net/10256/18912</subfield>
   </datafield>
   <datafield tag="653" ind2=" " ind1=" ">
      <subfield code="a">Drogoaddicció -- prevenció</subfield>
   </datafield>
   <datafield tag="653" ind2=" " ind1=" ">
      <subfield code="a">Drug abuse--prevention</subfield>
   </datafield>
   <datafield tag="653" ind2=" " ind1=" ">
      <subfield code="a">Institucions penitenciàries</subfield>
   </datafield>
   <datafield tag="653" ind2=" " ind1=" ">
      <subfield code="a">Correctional institutions</subfield>
   </datafield>
   <datafield tag="653" ind2=" " ind1=" ">
      <subfield code="a">Dependència (Psicologia)</subfield>
   </datafield>
   <datafield tag="653" ind2=" " ind1=" ">
      <subfield code="a">Dependency (Psychology)</subfield>
   </datafield>
   <datafield ind2="0" ind1="0" tag="245">
      <subfield code="a">Projecte d'intervenció a l'àmbit penitenciari: la prevenció de recaigudes en les drogodependències</subfield>
   </datafield>
</record></metadata></record></GetRecord></OAI-PMH>